Die Zukunft und die Situation dem Radtourismus in Ungarn und in Österreich

Bibliográfiai részletek
Szerző: Varga Viktória
További közreműködők: Horváth Dr. Péter
Dokumentumtípus: Diplomadolgozat
Kulcsszavak:Radfahren
Ungarn
Österreich
Online Access:http://dolgozattar.uni-bge.hu/23123

MARC

LEADER 00000nta a2200000 i 4500
001 dolg23123
005 20200214125617.0
008 191120suuuu hu om 000 ger d
040 |a BGE Dolgozattár Repozitórium  |b hun 
041 |a de 
100 1 |a Varga Viktória 
245 1 4 |a Die Zukunft und die Situation dem Radtourismus in Ungarn und in Österreich  |c Varga Viktória  |h [elektronikus dokumentum] 
695 |a Radfahren 
695 |a Ungarn 
695 |a Österreich 
700 1 |a Horváth Dr. Péter  |e ths 
856 4 0 |u http://dolgozattar.uni-bge.hu/23123/1/Varga_Vikt%C3%B3ria_LLKYUF.pdf  |z Dokumentum-elérés